[Event "XV Festival A"]
[Site "Campobasso ITA"]
[Date "2008.07.20"]
[Round "5"]
[White "Garofalo, Massimo"]
[Black "Della Corte, Alessandro"]
[Result "1/2-1/2"]
[WhiteElo "1829"]
[BlackElo "2247"]
[PlyCount "63"]
[EventDate "2008.07.18"]

1. e4 d5 2. exd5 Qxd5 3. c4 Qe4+ 4. Qe2 Qxe2+ 5. Bxe2 Nf6 6. Nc3 Bf5 7. Nf3 Nc6
8. a3 O-O-O 9. b4 e6 10. Bb2 Be7 11. h3 Nd7 12. O-O-O Nb6 13. d4 Bf6 14. g4 Bg6
15. h4 h5 16. d5 exd5 17. cxd5 Bxc3 18. Bxc3 Nxd5 19. Bxg7 Nf4 20. Ng1 Rhe8 21.
Rxd8+ Nxd8 22. gxh5 Bxh5 23. Bxh5 Nxh5 24. Bc3 Re4 25. Kd2 Ne6 26. Ne2 Rg4 27.
Ke3 Kd7 28. Kf3 Rc4 29. Bd2 Ke7 30. Be3 a6 31. Rc1 Rxh4 32. Rxc7+ 1/2-1/2

[Event "XV Festival A"]
[Site "Campobasso ITA"]
[Date "2008.07.20"]
[Round "5"]
[White "Guccione, Daniele"]
[Black "Petruccioli, Antonio"]
[Result "0-1"]
[WhiteElo "1930"]
[BlackElo "2101"]
[PlyCount "88"]
[EventDate "2008.07.18"]

1. d4 c5 2. e3 cxd4 3. exd4 e6 4. Nf3 Nf6 5. Bd3 Be7 6. O-O O-O 7. Nbd2 d6 8.
Qe2 Nc6 9. c3 Re8 10. Ne4 e5 11. Rd1 exd4 12. cxd4 Bg4 13. Be3 d5 14. Nxf6+
Bxf6 15. Bb5 a6 16. Bxc6 bxc6 17. Rac1 Qb6 18. Qc2 Bxf3 19. gxf3 Re6 20. Rd3
Rae8 21. Rb3 Qa7 22. Qc5 Qd7 23. Bf4 Be7 24. Qa5 Rg6+ 25. Bg3 h5 26. Kh1 h4 27.
Be5 Bd8 28. Qxa6 c5 29. Qb5 Qe7 30. Re3 Qg5 31. Qxe8+ Kh7 32. Bg3 hxg3 33. fxg3
cxd4 34. Ree1 d3 35. Rcd1 Ba5 36. Re5 Qf6 37. Rh5+ Rh6 38. Rxh6+ gxh6 39. Qe3
d2 40. Qd3+ Kg8 41. Qxd5 Qa6 42. b4 Qe2 43. Rg1 Bb6 44. Qe4 Qxe4 0-1

[Event "XV Festival A"]
[Site "Campobasso ITA"]
[Date "2008.07.20"]
[Round "5"]
[White "Mari, Tommaso"]
[Black "Di Lascio, Savino"]
[Result "0-1"]
[WhiteElo "1867"]
[BlackElo "1958"]
[PlyCount "82"]
[EventDate "2008.07.18"]

1. e4 c6 2. d4 d5 3. exd5 cxd5 4. c4 Nf6 5. Nc3 Nc6 6. Be3 g6 7. h3 Bg7 8. Nf3
O-O 9. Bd3 Nb4 10. Be2 Bf5 11. O-O Rc8 12. a3 Nc2 13. Rc1 Nxe3 14. fxe3 dxc4
15. Ne5 Bh6 16. Qd2 b5 17. g4 Ne4 18. Nxe4 Bxe4 19. Bf3 Qd5 20. Rce1 Rcd8 21.
Qg2 Bxf3 22. Qxf3 Qxf3 23. Rxf3 a6 24. Ref1 f6 25. Nc6 Rd7 26. d5 f5 27. gxf5
gxf5 28. e4 fxe4 29. Rxf8+ Bxf8 30. Rf4 Rxd5 31. Rxe4 Rd1+ 32. Kf2 Rd2+ 33. Ke1
Rxb2 34. Nd8 Rg2 35. Kf1 Rg6 36. a4 h5 37. axb5 axb5 38. Re5 b4 39. Rc5 c3 40.
Nc6 e5 41. Rc4 b3 0-1

[Event "XV Festival A"]
[Site "Campobasso ITA"]
[Date "2008.07.20"]
[Round "5"]
[White "Muzzi, Claudio"]
[Black "Gorgoglione, Enrico"]
[Result "0-1"]
[WhiteElo "1875"]
[BlackElo "1922"]
[PlyCount "44"]
[EventDate "2008.07.18"]

1. e4 c5 2. Nf3 Qc7 3. Nc3 e6 4. d4 cxd4 5. Nxd4 a6 6. Be2 Nc6 7. Be3 Nf6 8. a3
Be7 9. f4 d5 10. exd5 Nxd5 11. Nxd5 exd5 12. Qd2 Bd6 13. Bf3 Be6 14. O-O O-O
15. Rad1 Rae8 16. Kh1 Nxd4 17. Qxd4 Qxc2 18. Rf2 Qb3 19. Rd3 Qb5 20. g4 f6 21.
f5 Bf7 22. b4 Be5 0-1

[Event "XV Festival A"]
[Site "Campobasso ITA"]
[Date "2008.07.20"]
[Round "5"]
[White "Ninov, Nikolai Ivanov"]
[Black "Lalic, Bogdan"]
[Result "1/2-1/2"]
[WhiteElo "2515"]
[BlackElo "2533"]
[PlyCount "23"]
[EventDate "2008.07.18"]

1. e4 e5 2. Nf3 Nc6 3. Bb5 a6 4. Ba4 Nf6 5. O-O Be7 6. Re1 b5 7. Bb3 O-O 8. c3
d5 9. exd5 Nxd5 10. Nxe5 Nxe5 11. Rxe5 c6 12. d4 1/2-1/2

[Event "XV Festival A"]
[Site "Campobasso ITA"]
[Date "2008.07.20"]
[Round "5"]
[White "Pienabarca, Nicola"]
[Black "Galasso, Luigi"]
[Result "1/2-1/2"]
[WhiteElo "2101"]
[BlackElo "1924"]
[PlyCount "68"]
[EventDate "2008.07.18"]

1. d4 Nf6 2. Nf3 d6 3. c4 g6 4. Nc3 Bg7 5. e4 O-O 6. h3 e5 7. d5 Nbd7 8. Bg5 h6
9. Be3 Ne8 10. g4 c6 11. Be2 a5 12. Rg1 Nc5 13. Bxc5 dxc5 14. dxc6 Qxd1+ 15.
Rxd1 bxc6 16. Na4 Nc7 17. Nxc5 Ne6 18. Nxe6 Bxe6 19. h4 Rfb8 20. Rd2 Rb4 21. b3
a4 22. Bd1 Kf8 23. Bc2 axb3 24. axb3 Ra1+ 25. Rd1 Ra2 26. Rc1 Ke8 27. Kf1 f6
28. Ne1 Rb8 29. f3 Bf8 30. Rg2 h5 31. Rd1 Bc5 32. Nd3 Bd4 33. Ne1 Rb2 34. Nd3
Ra2 1/2-1/2

[Event "XV Festival A"]
[Site "Campobasso ITA"]
[Date "2008.07.20"]
[Round "5"]
[White "Piro, Valerio"]
[Black "Gerardi, Saverio"]
[Result "1-0"]
[WhiteElo "2058"]
[BlackElo "2176"]
[PlyCount "107"]
[EventDate "2008.07.18"]

1. d4 d5 2. Bf4 Nf6 3. Nd2 e6 4. e3 c5 5. c3 Nc6 6. Ngf3 Be7 7. Bd3 O-O 8. h3
Re8 9. O-O Bd6 10. Bxd6 Qxd6 11. Bb5 Nd7 12. Re1 a6 13. Bxc6 bxc6 14. e4 Rb8
15. e5 Qe7 16. Rb1 cxd4 17. cxd4 c5 18. Nb3 Bb7 19. Nxc5 Nxc5 20. dxc5 Qxc5 21.
Qd4 Qe7 22. Rbc1 Rec8 23. Qa7 f6 24. Rc3 Qd7 25. Rec1 Rxc3 26. Qxb8+ Qc8 27.
Qxc8+ Rxc8 28. Rxc8+ Bxc8 29. Kf1 Kf7 30. Ke2 Bd7 31. Ke3 Bb5 32. Kd4 Bf1 33.
Ne1 Kg6 34. b4 Kf5 35. exf6 gxf6 36. a4 h5 37. Kc5 Ke4 38. b5 axb5 39. axb5 e5
40. b6 Ba6 41. Kc6 d4 42. Nf3 d3 43. b7 Bxb7+ 44. Kxb7 Kd5 45. Kc7 f5 46. g3 e4
47. Nd2 Kd4 48. Kd6 Kc3 49. Nf1 d2 50. Ne3 h4 51. Ke5 hxg3 52. fxg3 Kd3 53. Kf4
Ke2 54. h4 1-0

[Event "XV Festival A"]
[Site "Campobasso ITA"]
[Date "2008.07.20"]
[Round "5"]
[White "Procacci, Sergio"]
[Black "Gromovs, Sergejs"]
[Result "1/2-1/2"]
[WhiteElo "2006"]
[BlackElo "2385"]
[PlyCount "93"]
[EventDate "2008.07.18"]

1. e4 d6 2. d4 Nf6 3. Nc3 g6 4. Bg5 h6 5. Bh4 c6 6. f4 Bg7 7. Nf3 Qb6 8. Qc1
Bg4 9. Bf2 Nh5 10. Qd2 Bxf3 11. gxf3 Nd7 12. Na4 Qc7 13. Bh3 b5 14. Nc3 Nb6 15.
b3 b4 16. Ne2 c5 17. O-O O-O 18. Rad1 a5 19. Ng3 Nxg3 20. hxg3 a4 21. f5 Kh7
22. Kg2 axb3 23. fxg6+ fxg6 24. axb3 Ra2 25. Rc1 cxd4 26. Qxb4 e5 27. Qd2 d5
28. Qd3 Rf6 29. Be1 h5 30. g4 hxg4 31. Bxg4 Rc6 32. Rf2 Kg8 33. Bb4 Bh6 34. Bd2
Be3 35. Bxe3 dxe3 36. exd5 exf2 37. dxc6 Qxc6 38. Kxf2 Kg7 39. Kg3 Nd5 40. Qc4
Qf6 41. Qxd5 Qf4+ 42. Kg2 Qxc1 43. Qxe5+ Kh7 44. Qe7+ Kh6 45. Qh4+ Kg7 46. Qe7+
Kh6 47. Qh4+ 1/2-1/2

[Event "XV Festival A"]
[Site "Campobasso ITA"]
[Date "2008.07.20"]
[Round "5"]
[White "Scalcione, Michelangelo"]
[Black "Sannino, Raffaele"]
[Result "1/2-1/2"]
[WhiteElo "2398"]
[BlackElo "2014"]
[PlyCount "101"]
[EventDate "2008.07.18"]

1. e4 g6 2. d4 c6 3. h4 d5 4. exd5 cxd5 5. h5 Bg7 6. c3 Nf6 7. hxg6 hxg6 8.
Rxh8+ Bxh8 9. Bd3 Qb6 10. Qc2 Qe6+ 11. Kf1 Qg4 12. Nd2 Bf5 13. Bxf5 Qxf5 14.
Qxf5 gxf5 15. f3 Nc6 16. Nb3 Nd7 17. Ne2 O-O-O 18. Nf4 Nb6 19. Nc5 Nc4 20. Ncd3
e6 21. Nh3 Bf6 22. b3 Nb6 23. Bg5 Nd7 24. Bxf6 Nxf6 25. Ng5 Rf8 26. Kf2 Nd8 27.
Ne5 Nd7 28. Rh1 Nxe5 29. dxe5 Nc6 30. f4 Nd8 31. a4 Kc7 32. a5 Kc6 33. a6 b5
34. Rh3 Kc7 35. Ke3 Nc6 36. Rh7 Nd8 37. c4 dxc4 38. bxc4 Kb6 39. cxb5 Kxb5 40.
Kd4 Nc6+ 41. Kc3 Nd8 42. Rh1 Nc6 43. Rd1 Rc8 44. Kb2 Rc7 45. Rd6 Nb4 46. Nf3
Nxa6 47. Nd4+ Ka5 48. Nb3+ Kb5 49. Nd4+ Ka5 50. Nb3+ Kb5 51. Nd4+ 1/2-1/2

[Event "XV Festival A"]
[Site "Campobasso ITA"]
[Date "2008.07.20"]
[Round "5"]
[White "Strippoli, Michele"]
[Black "Iodice, Fabio"]
[Result "1-0"]
[WhiteElo "1986"]
[BlackElo "1934"]
[PlyCount "93"]
[EventDate "2008.07.18"]

1. d4 Nf6 2. Nf3 b6 3. e3 Bb7 4. Bd3 e6 5. O-O Be7 6. Nbd2 d5 7. c3 O-O 8. Ne5
Nbd7 9. Ndf3 Nxe5 10. Nxe5 Nd7 11. f4 Bf6 12. b3 Nxe5 13. fxe5 Be7 14. Qh5 g6
15. Qg4 Qd7 16. Bd2 f5 17. exf6 Rxf6 18. Rxf6 Bxf6 19. Rf1 Rf8 20. h4 Bg7 21.
Rxf8+ Kxf8 22. Be1 Qf7 23. Bg3 a5 24. Qg5 Bf6 25. Qh6+ Kg8 26. Qf4 Bd8 27. Qe5
Bc8 28. Kh2 Qg7 29. Qf4 Qf7 30. Qg4 Kg7 31. h5 c6 32. Be5+ Bf6 33. Bf4 Bd8 34.
hxg6 hxg6 35. Be5+ Bf6 36. Qf4 Bd7 37. Kg3 Bxe5 38. Qxe5+ Kh6 39. Kg4 Qe8 40.
g3 b5 41. a3 Kh7 42. Kg5 Qe7+ 43. Qf6 Qxf6+ 44. Kxf6 Kh6 45. Bxg6 a4 46. bxa4
bxa4 47. g4 1-0

[Event "XV Festival A"]
[Site "Campobasso ITA"]
[Date "2008.07.20"]
[Round "6"]
[White "Andreoli, Mark"]
[Black "Gatti, Francesco"]
[Result "1-0"]
[WhiteElo "2048"]
[BlackElo "1748"]
[PlyCount "83"]
[EventDate "2008.07.18"]

1. e4 c5 2. d4 cxd4 3. c3 Nc6 4. Nf3 d6 5. cxd4 Nf6 6. Nc3 a6 7. Bc4 e6 8. Qe2
b5 9. Bb3 Na5 10. e5 dxe5 11. dxe5 Nxb3 12. axb3 Nd5 13. Nxb5 Bb7 14. Nc3 Bb4
15. Bd2 O-O 16. O-O a5 17. Rfd1 Qb8 18. Nxd5 Bxd5 19. Nd4 Rc8 20. Bf4 Qb7 21.
Qg4 Kh8 22. h4 Bc5 23. Nf3 Ba7 24. Ng5 Rc2 25. Rd2 Rac8 26. Qh5 Rc1+ 27. Rxc1
Rxc1+ 28. Kh2 h6 29. Nxf7+ Kg8 30. Nd6 Qc7 31. Nb5 Qb7 32. Rxd5 exd5 33. Qe8+
Kh7 34. Bxc1 Bxf2 35. h5 d4 36. Qg6+ Kg8 37. Bxh6 Qe7 38. Qg5 Qf8 39. e6 Kh8
40. Bxg7+ Qxg7 41. Qxg7+ Kxg7 42. h6+ 1-0

[Event "XV Festival A"]
[Site "Campobasso ITA"]
[Date "2008.07.20"]
[Round "6"]
[White "Bagolin, Renzo"]
[Black "Egli, Urs"]
[Result "1/2-1/2"]
[WhiteElo "1869"]
[BlackElo "2071"]
[PlyCount "63"]
[EventDate "2008.07.18"]

1. c4 g6 2. g3 Bg7 3. Nc3 e5 4. Bg2 d6 5. d3 Nc6 6. e4 Nge7 7. Nge2 O-O 8. O-O
Be6 9. f4 Qd7 10. Nd5 Bg4 11. Nxe7+ Nxe7 12. Rb1 a5 13. Be3 exf4 14. Bxf4 Nc6
15. Qd2 Rfe8 16. Rbe1 Nd4 17. Nxd4 Bxd4+ 18. Kh1 Qa4 19. h3 Be6 20. b3 Qb4 21.
Qc2 Qc3 22. Qxc3 Bxc3 23. Re2 Be5 24. Kh2 c5 25. a4 Ra6 26. Rb1 Rb6 27. Bd2 Ra8
28. Ree1 f6 29. Rf1 Kg7 30. Rfe1 h6 31. Bf3 Rba6 32. Kg2 1/2-1/2

[Event "XV Festival A"]
[Site "Campobasso ITA"]
[Date "2008.07.20"]
[Round "6"]
[White "Castrogiovanni, Carlo"]
[Black "Garofalo, Massimo"]
[Result "1-0"]
[WhiteElo "2055"]
[BlackElo "1829"]
[PlyCount "26"]
[EventDate "2008.07.18"]

1. d4 Nf6 2. c4 g6 3. Nc3 Bg7 4. e4 d6 5. Be2 O-O 6. Bg5 e5 7. dxe5 dxe5 8.
Qxd8 Rxd8 9. Nd5 Nbd7 10. Nxc7 Rb8 11. Nf3 h6 12. Be3 b6 13. Nd2 Ng4 1-0

[Event "XV Festival A"]
[Site "Campobasso ITA"]
[Date "2008.07.20"]
[Round "6"]
[White "Corvi, Marco"]
[Black "Piro, Valerio"]
[Result "1-0"]
[WhiteElo "2350"]
[BlackElo "2058"]
[PlyCount "105"]
[EventDate "2008.07.18"]

1. c4 c6 2. Nf3 d5 3. b3 Nf6 4. Bb2 Bg4 5. e3 Nbd7 6. Be2 e6 7. O-O Bd6 8. Nc3
O-O 9. d3 Qe7 10. a3 a5 11. Re1 Rab8 12. e4 Bxf3 13. Bxf3 d4 14. Ne2 e5 15. Ng3
g6 16. a4 b5 17. axb5 cxb5 18. Re2 bxc4 19. bxc4 Bb4 20. Bc1 Kg7 21. h4 h5 22.
Bg5 Qd6 23. Rea2 Rh8 24. Be2 Nc5 25. Rb1 Ne6 26. Bc1 Rhc8 27. Nf1 Bc3 28. Rxb8
Rxb8 29. Ng3 Rb1 30. Bh6+ Kxh6 31. Qxb1 Qb4 32. Qc1+ Nf4 33. Qc2 Nd7 34. Nf1
Nc5 35. g3 Nfe6 36. Bd1 a4 37. Rxa4 Nxa4 38. Qxa4 Qxa4 39. Bxa4 Nc5 40. Bc2 f5
41. f3 g5 42. hxg5+ Kxg5 43. exf5 Kxf5 44. Kg2 Kg5 45. Kh3 Bb4 46. Nh2 Ne6 47.
Bd1 Nc5 48. Be2 Ne6 49. Bd1 Nc5 50. Be2 Be1 51. f4+ Kf5 52. fxe5 Kxe5 53. Nf3+
1-0

[Event "XV Festival A"]
[Site "Campobasso ITA"]
[Date "2008.07.20"]
[Round "6"]
[White "Di Lascio, Savino"]
[Black "Della Corte, Alessandro"]
[Result "0-1"]
[WhiteElo "1958"]
[BlackElo "2247"]
[PlyCount "64"]
[EventDate "2008.07.18"]

1. e4 d5 2. exd5 Qxd5 3. c4 Qe4+ 4. Qe2 Qxe2+ 5. Bxe2 Nf6 6. Nc3 Bf5 7. Nf3 e6
8. Nd4 Bg6 9. Bf3 c6 10. O-O Nbd7 11. a3 Ne5 12. Be2 O-O-O 13. Nf3 Nd3 14. Bxd3
Bxd3 15. Re1 Bd6 16. b3 Nd7 17. Bb2 Nc5 18. b4 Nb3 19. c5 Bf4 20. Ne2 Bxe2 21.
Rxe2 Nxa1 22. Bxa1 f6 23. g3 Bh6 24. Nd4 e5 25. Nf5 Rxd2 26. Nd6+ Kc7 27. Kf1
Rd1+ 28. Re1 Rxe1+ 29. Kxe1 Rd8 30. f4 exf4 31. Nf7 fxg3 32. Nxh6 gxh2 0-1

[Event "XV Festival A"]
[Site "Campobasso ITA"]
[Date "2008.07.20"]
[Round "6"]
[White "Ficco, Corrado"]
[Black "Galasso, Luigi"]
[Result "1/2-1/2"]
[WhiteElo "2141"]
[BlackElo "1924"]
[PlyCount "48"]
[EventDate "2008.07.18"]

1. e4 Nf6 2. e5 Nd5 3. d4 d6 4. Nf3 dxe5 5. Nxe5 g6 6. Bc4 c6 7. Nc3 Be6 8. Qf3
Bg7 9. O-O O-O 10. Ne4 Nc7 11. Bxe6 Nxe6 12. c3 Nd7 13. Nxd7 Qxd7 14. Re1 Rad8
15. Ng5 Nxg5 16. Bxg5 Rde8 17. Rad1 e6 18. h3 Rc8 19. a3 Qd5 20. Qe3 b5 21. Bh6
a5 22. Bxg7 Kxg7 23. Qe5+ Qxe5 24. Rxe5 Rfd8 1/2-1/2

[Event "XV Festival A"]
[Site "Campobasso ITA"]
[Date "2008.07.20"]
[Round "6"]
[White "Gorgoglione, Enrico"]
[Black "Campanella, Giovanni"]
[Result "1/2-1/2"]
[WhiteElo "1922"]
[BlackElo "1955"]
[PlyCount "39"]
[EventDate "2008.07.18"]

1. d4 d5 2. c4 e6 3. Nc3 a6 4. e3 dxc4 5. Bxc4 b5 6. Bd3 Bb7 7. Nf3 Nd7 8. Qc2
Bxf3 9. gxf3 c5 10. d5 exd5 11. Nxd5 Ngf6 12. Be4 Rc8 13. Bd2 Bd6 14. a4 b4 15.
f4 O-O 16. Rg1 Re8 17. Nxf6+ Nxf6 18. Bb7 Rc7 19. Bxa6 Bxf4 20. Bb5 1/2-1/2

[Event "XV Festival A"]
[Site "Campobasso ITA"]
[Date "2008.07.20"]
[Round "6"]
[White "Lalic, Bogdan"]
[Black "Vuelban, Virgilio"]
[Result "1-0"]
[WhiteElo "2533"]
[BlackElo "2263"]
[PlyCount "101"]
[EventDate "2008.07.18"]

1. d4 Nf6 2. c4 g6 3. Nc3 Bg7 4. e4 d6 5. Nf3 O-O 6. Be2 e5 7. Be3 Ng4 8. Bg5
f6 9. Bc1 Kh8 10. h3 Nh6 11. O-O Nc6 12. Be3 f5 13. exf5 Nxf5 14. Bg5 Bf6 15.
Bxf6+ Qxf6 16. dxe5 Nxe5 17. Nxe5 Qxe5 18. Qd5 Qf6 19. Rad1 a6 20. Qd2 c5 21.
Nd5 Qg7 22. Nb6 Rb8 23. Nxc8 Rbxc8 24. Bg4 Rcd8 25. Bxf5 Rxf5 26. Rfe1 Re5 27.
Rxe5 Qxe5 28. Re1 Qf6 29. Re3 Kg7 30. a4 Rd7 31. Rd3 Qh4 32. b3 Qf6 33. a5 Rf7
34. g3 Rd7 35. h4 Qa1+ 36. Kg2 Qe5 37. Re3 Qf6 38. Qe2 h5 39. Re6 Qf7 40. Qe4
Kh7 41. Qd5 Kg7 42. Rxd6 Qxd5+ 43. Rxd5 Rc7 44. Rd6 Re7 45. Rd5 Rc7 46. f3 Kf6
47. Rd6+ Ke5 48. Rxg6 Kd4 49. g4 b5 50. axb6 Rb7 51. Rc6 1-0

[Event "XV Festival A"]
[Site "Campobasso ITA"]
[Date "2008.07.20"]
[Round "6"]
[White "Mazza, Daniele"]
[Black "Ferraro, Pietro"]
[Result "1-0"]
[WhiteElo "1735"]
[BlackElo "1968"]
[PlyCount "66"]
[EventDate "2008.07.18"]

1. e4 d5 2. exd5 c6 3. d6 Nf6 4. d4 h6 5. Nf3 Bg4 6. Be2 exd6 7. h3 Bh5 8. Bf4
Nbd7 9. Nbd2 Be7 10. O-O O-O 11. c3 Rc8 12. Re1 Re8 13. Bg3 Bf8 14. Nh4 Bxe2
15. Rxe2 Nb6 16. Nf5 g6 17. Ne3 d5 18. Qc2 Ne4 19. Nxe4 dxe4 20. Rd1 f5 21.
Qb3+ Nd5 22. Qxb7 f4 23. Nxd5 fxg3 24. Ne3 gxf2+ 25. Rxf2 Re7 26. Qb3+ Kg7 27.
Rdf1 Qc7 28. Ng4 Rb8 29. Qc2 Rbe8 30. Ne5 Rxe5 31. dxe5 Bc5 32. Kh1 Bxf2 33.
Qxf2 Rxe5 1-0

[Event "XV Festival A"]
[Site "Campobasso ITA"]
[Date "2008.07.20"]
[Round "6"]
[White "Mrdja, Milan"]
[Black "Collutiis, Duilio"]
[Result "1/2-1/2"]
[WhiteElo "2409"]
[BlackElo "2415"]
[PlyCount "33"]
[EventDate "2008.07.18"]

1. e4 c5 2. Nf3 Nc6 3. d4 cxd4 4. Nxd4 Qc7 5. Nc3 e6 6. Be2 a6 7. O-O Nf6 8.
Kh1 Nxd4 9. Qxd4 Bc5 10. Qd2 Be7 11. f4 d6 12. Bd3 b5 13. Qe2 Bb7 14. e5 dxe5
15. fxe5 Nd7 16. Bf4 Nc5 17. Ne4 1/2-1/2

[Event "XV Festival A"]
[Site "Campobasso ITA"]
[Date "2008.07.20"]
[Round "6"]
[White "Muzzi, Claudio"]
[Black "Mari, Tommaso"]
[Result "1-0"]
[WhiteElo "1875"]
[BlackElo "1867"]
[PlyCount "63"]
[EventDate "2008.07.18"]

1. e4 e5 2. Nf3 Nc6 3. Bc4 Nf6 4. Ng5 d5 5. exd5 Na5 6. Bb5+ c6 7. dxc6 bxc6 8.
Qf3 Qc7 9. Ba4 Bg4 10. Qe3 h6 11. Nf3 Bd6 12. d3 Nd5 13. Qe4 f5 14. Qxd5 O-O-O
15. Qe6+ Kb8 16. Bd2 Rhe8 17. Qg6 Rf8 18. Bxa5 Qxa5+ 19. Nc3 Qc7 20. Qe6 e4 21.
dxe4 Rde8 22. Qb3+ Kc8 23. O-O-O fxe4 24. Nd4 Bf4+ 25. Kb1 Bxd1 26. Rxd1 Rd8
27. Qe6+ Kb7 28. Bxc6+ Kb8 29. Bxe4 Rd6 30. Qb3+ Kc8 31. Bf5+ Kd8 32. Ne6+ 1-0

[Event "XV Festival A"]
[Site "Campobasso ITA"]
[Date "2008.07.20"]
[Round "6"]
[White "Naumkin, Igor"]
[Black "Ninov, Nikolai Ivanov"]
[Result "0-1"]
[WhiteElo "2502"]
[BlackElo "2515"]
[PlyCount "68"]
[EventDate "2008.07.18"]

1. d4 Nf6 2. c4 e6 3. Nf3 d5 4. Nc3 dxc4 5. e4 Bb4 6. Bg5 c5 7. e5 h6 8. exf6
hxg5 9. fxg7 Rg8 10. dxc5 Qf6 11. Bxc4 Bxc3+ 12. bxc3 Qxc3+ 13. Nd2 Qe5+ 14.
Be2 Bd7 15. O-O Bc6 16. Bf3 Nd7 17. Nc4 Qc7 18. Qd6 Qxd6 19. Nxd6+ Ke7 20. Nxb7
Bxf3 21. gxf3 Ne5 22. Kg2 Rxg7 23. Rfd1 Rh8 24. Nd6 Rgh7 25. Rab1 Rxh2+ 26. Kf1
f5 27. Re1 Kf6 28. Rb7 Rh1+ 29. Ke2 Rxe1+ 30. Kxe1 Nxf3+ 31. Ke2 g4 32. Rxa7
Rh1 33. Rf7+ Ke5 34. Nc4+ Kd4 0-1

[Event "XV Festival A"]
[Site "Campobasso ITA"]
[Date "2008.07.20"]
[Round "6"]
[White "Salerno, Francesco"]
[Black "Parrini, Daniele"]
[Result "1/2-1/2"]
[WhiteElo "1801"]
[BlackElo "2032"]
[PlyCount "85"]
[EventDate "2008.07.18"]

1. d4 Nf6 2. c4 g6 3. Nc3 Bg7 4. e4 d6 5. Nf3 O-O 6. Be2 e5 7. d5 a5 8. Bg5 h6
9. Bh4 Na6 10. Nd2 Qe8 11. a3 Bd7 12. b3 Nh7 13. f3 h5 14. Rb1 Nc5 15. Qc2 Bh6
16. Bf2 Qe7 17. h4 f5 18. b4 axb4 19. axb4 Na4 20. Nxa4 Rxa4 21. c5 Rfa8 22.
O-O Nf6 23. Nc4 Ra2 24. Rb2 Rxb2 25. Nxb2 fxe4 26. fxe4 Bg4 27. Bd3 g5 28. Be3
Qg7 29. Qd2 Nh7 30. cxd6 cxd6 31. Nc4 Qg6 32. hxg5 Bxg5 33. Bxg5 Nxg5 34. Nxd6
Nh3+ 35. Kh2 Qg5 36. Qxg5+ Nxg5 37. Nc4 Nf7 38. Nb6 Ra3 39. Nc4 Rxd3 40. Rxf7
Rd4 41. Nd6 Rxe4 42. Rxb7 Rd4 43. Rb8+ 1/2-1/2

[Event "XV Festival A"]
[Site "Campobasso ITA"]
[Date "2008.07.20"]
[Round "6"]
[White "Sannino, Raffaele"]
[Black "Sabia, Corrado"]
[Result "1/2-1/2"]
[WhiteElo "2014"]
[BlackElo "2205"]
[PlyCount "97"]
[EventDate "2008.07.18"]

1. Nf3 d5 2. d4 c5 3. e3 Nc6 4. Bd3 Bg4 5. c3 e6 6. Nbd2 Nf6 7. Qa4 Nd7 8. O-O
Be7 9. Bb5 Bxf3 10. Nxf3 Qc7 11. Re1 O-O 12. e4 Nb6 13. Qd1 dxe4 14. Rxe4 Rad8
15. Bf4 Bd6 16. Qc1 cxd4 17. Bxd6 Rxd6 18. Bxc6 Qxc6 19. Rxd4 Rxd4 20. Nxd4 Qd5
21. b3 Rd8 22. Nf3 h6 23. h3 Qf5 24. c4 e5 25. Qe3 f6 26. Re1 Rd3 27. Qe4 Qd7
28. Re3 Rd1+ 29. Re1 Rd3 30. Re3 Rd1+ 31. Re1 Rxe1+ 32. Qxe1 Qc6 33. Qe3 a6 34.
Nd2 Nc8 35. Ne4 Ne7 36. Nc3 Qd7 37. Kf1 Kf7 38. Ke1 Nc6 39. Qc5 Qd4 40. Qxd4
Nxd4 41. Ne4 b5 42. Nc5 bxc4 43. bxc4 a5 44. Kd2 Ke7 45. Kd3 Nc6 46. Kc3 Kd6
47. Ne4+ Ke6 48. Nc5+ Kd6 49. Ne4+ 1/2-1/2

[Event "XV Festival A"]
[Site "Campobasso ITA"]
[Date "2008.07.20"]
[Round "6"]
[White "Sansonetti, Giorgio"]
[Black "Scalcione, Michelangelo"]
[Result "0-1"]
[WhiteElo "2102"]
[BlackElo "2398"]
[PlyCount "56"]
[EventDate "2008.07.18"]

1. d4 d6 2. Nc3 Nf6 3. e4 c6 4. f4 Qa5 5. Bd3 e5 6. Nf3 Bg4 7. dxe5 dxe5 8. h3
Bxf3 9. Qxf3 exf4 10. Qxf4 Nbd7 11. Bd2 Qe5 12. Qf3 Bd6 13. O-O-O Qe7 14. Qf5
Be5 15. g4 Nc5 16. Bc4 O-O 17. g5 Ne8 18. g6 hxg6 19. Qxg6 Nd6 20. Bg5 Qc7 21.
Rxd6 Qxd6 22. Qf5 Ne6 23. Rd1 Nd4 24. Qg4 b5 25. Bf1 Qe6 26. Qg2 b4 27. Rxd4
Bxd4 28. Ne2 Bf6 0-1

[Event "XV Festival A"]
[Site "Campobasso ITA"]
[Date "2008.07.20"]
[Round "6"]
[White "Strippoli, Michele"]
[Black "Pienabarca, Nicola"]
[Result "0-1"]
[WhiteElo "1986"]
[BlackElo "2101"]
[PlyCount "36"]
[EventDate "2008.07.18"]

1. d4 Nf6 2. Nf3 g6 3. Nbd2 d5 4. e3 Bg7 5. Bd3 O-O 6. Qe2 Nfd7 7. O-O Nc6 8.
c3 e5 9. dxe5 Ncxe5 10. Bc2 b6 11. e4 Nc5 12. Nxe5 Bxe5 13. f4 Ba6 14. c4 Bd4+
15. Kh1 dxc4 16. Nxc4 Qe7 17. Rb1 Nxe4 18. b4 Ng3+ 0-1

[Event "Memorial Renzo Gonzales B"]
[Site "Latina ITA"]
[Date "2008.11.14"]
[Round "1"]
[White "Pala, Michele"]
[Black "Urzi', Silvio"]
[Result "1-0"]
[WhiteElo "1452"]
[BlackElo "1806"]
[PlyCount "71"]
[EventDate "2008.11.14"]

1. e4 e6 2. Nf3 d5 3. e5 c5 4. b4 Nc6 5. bxc5 d4 6. Bb5 Bxc5 7. O-O Bd7 8. Qe2
Nge7 9. Ba3 Qb6 10. Bxc5 Qxc5 11. Qc4 Qxc4 12. Bxc4 Ng6 13. Re1 Rc8 14. d3 a6
15. a4 Ke7 16. Nbd2 b5 17. axb5 axb5 18. Bxb5 Ncxe5 19. Bxd7 Nxd7 20. Nxd4 e5
21. Nc4 f6 22. Nf5+ Kf8 23. Ra7 Ne7 24. Nxg7 Nc5 25. Nh5 Nc6 26. Raa1 Nd4 27.
Ra2 Rb8 28. Nxf6 Kf7 29. Ng4 Rhg8 30. Nh6+ Kf6 31. Nxg8+ Rxg8 32. Nxe5 Rg5 33.
c3 Nf5 34. d4 Ne6 35. Ra6 Ke7 36. Nf3 1-0

[Event "XV Festival B"]
[Site "Montecatini Terme ITA"]
[Date "2008.12.27"]
[Round "1"]
[White "Graziani, Roberto"]
[Black "Manino, Edoardo"]
[Result "0-1"]
[WhiteElo "1761"]
[BlackElo "1539"]
[PlyCount "62"]
[EventDate "2008.12.27"]

1. e4 e6 2. d4 d5 3. Nc3 Bb4 4. e5 c5 5. a3 Bxc3+ 6. bxc3 Ne7 7. Qg4 Qc7 8.
Qxg7 Rg8 9. Qh6 cxd4 10. Ne2 Nbc6 11. Bf4 dxc3 12. Qxh7 Bd7 13. Qd3 Ng6 14. Bg3
Ncxe5 15. Qxc3 Qxc3+ 16. Nxc3 Rc8 17. Kd2 Nc4+ 18. Bxc4 Rxc4 19. h4 Nf4 20. h5
e5 21. Rae1 f6 22. h6 Bf5 23. h7 Rh8 24. Rh6 Kf7 25. Bh4 Bg6 26. g3 Ne6 27.
Bxf6 Kxf6 28. Nxd5+ Kg7 29. Rxg6+ Kxg6 30. Rxe5 Nf8 31. Re8 Rd4+ 0-1

[Event "XV Festival B"]
[Site "Montecatini Terme ITA"]
[Date "2008.12.28"]
[Round "3"]
[White "Ghods, Maziar"]
[Black "Minelli, Mattia"]
[Result "0-1"]
[WhiteElo "1848"]
[BlackElo "1599"]
[PlyCount "62"]
[EventDate "2008.12.27"]

1. e4 e6 2. d4 d5 3. Nc3 Bb4 4. e5 c5 5. a3 Bxc3+ 6. bxc3 Qc7 7. Qg4 Ne7 8.
Qxg7 Rg8 9. Qxh7 cxd4 10. Ne2 dxc3 11. f4 Nbc6 12. Qd3 Bd7 13. Be3 Nf5 14. Bf2
O-O-O 15. Qxc3 Kb8 16. O-O-O Rc8 17. h4 Qd8 18. Qd2 Na5 19. Nd4 Nxd4 20. Kb1
Nxc2 21. Ka2 Ba4 22. Rb1 Qe7 23. Bxa7+ Ka8 24. Rh3 Bb3+ 25. Rhxb3 Nxb3 26. Rxb3
Kxa7 27. Qa5+ Kb8 28. Ba6 Rxg2 29. Rxb7+ Qxb7 30. Bxb7 Nd4+ 31. Kb1 Rg1+ 0-1

[Event "XI Open A"]
[Site "Padova ITA"]
[Date "2008.12.13"]
[Round "1"]
[White "Boscolo, Federico"]
[Black "Salvador, Roland"]
[Result "0-1"]
[WhiteElo "1952"]
[BlackElo "2464"]
[PlyCount "84"]
[EventDate "2008.12.13"]

1. e4 c5 2. c3 Nf6 3. e5 Nd5 4. Nf3 e6 5. d4 cxd4 6. cxd4 d6 7. Bd3 dxe5 8.
dxe5 Nb4 9. Be4 Qxd1+ 10. Kxd1 Nd7 11. Be3 Nc5 12. Bxc5 Bxc5 13. Nc3 Bxf2 14.
Rf1 Be3 15. Ke2 Bh6 16. Nb5 O-O 17. Nfd4 Nc6 18. Bxc6 bxc6 19. Nxc6 Bb7 20.
Ne7+ Kh8 21. Rad1 Ba6 22. a4 Rab8 23. Nc6 Rxb5 24. axb5 Bxb5+ 25. Ke1 Bxc6 26.
Rxf7 Rg8 27. Rxa7 Bd5 28. g3 Rb8 29. Rf7 Kg8 30. Rf2 Be3 31. Re2 Rb3 32. Ra1
Bf3 33. Rc2 Rb5 34. Kf1 Bd4 35. Rac1 h6 36. Rd2 Bxe5 37. Re1 Bg4 38. Kg2 h5 39.
h3 Bf5 40. Ree2 Kf7 41. Rd7+ Kf6 42. Red2 Rb3 0-1